[Event "Hilversum op"]
[Site "Hilversum"]
[Date "2019.06.21"]
[Round "2"]
[White "Beerdsen, Thomas"]
[Black "Kusnetsov, Mark"]
[Result "1/2-1/2"]
[WhiteElo "2488"]
[BlackElo "2142"]
[PlyCount "110"]
[EventDate "2019.06.21"]
[EventType "swiss"]
[EventRounds "6"]
[EventCountry "NED"]
[SourceTitle "CBM 191 Extra"]
[Source "ChessBase"]
[SourceDate "2019.09.30"]
[SourceVersion "1"]
[SourceVersionDate "2019.09.30"]
[SourceQuality "1"]

1. e4 e5 2. Bc4 Nc6 3. Nf3 Nf6 4. d3 Be7 5. 0-0 0-0 6. Re1 d6 7. a4 Bg4 8. c3 Qd7 9. h3 Be6 10. Nbd2 Rad8 11. Bxe6 Qxe6 12. Nc4 Rfe8 13. b4 Bf8 14. b5 Ne7 15. a5 Ng6 16. b6 axb6 17. axb6 cxb6 18. Ng5 Qc8 19. Qb3 b5 20. Nb6 Qc7 21. Nd5 Nxd5 22. exd5 Ra8 23. Bd2 h6 24. Nf3 Qd7 25. Rab1 Ra5 26. Kh2 Rea8 27. Rb2 Be7 28. Re4 Bd8 29. Rb4 Ra3 30. Qc2 R8a5 31. d4 Bf6 32. Qe4 R3a4 33. Qd3 exd4 34. cxd4 Rxb4 35. Rxb4 Ne7 36. Qe4 Qf5 37. Qxf5 Nxf5 38. g4 Ne7 39. Rb3 Ra2 40. Rxb5 Bxd4 41. Kg2 Bc5 42. Rxb7 Nxd5 43. Rb3 Nf6 44. Be3 Ne4 45. Rb8+ Kh7 46. Bxc5 dxc5 47. Ne5 Rxf2+ 48. Kg1 f6 49. Nd7 Rd2 50. Rb7 h5 51. Rc7 hxg4 52. hxg4 Kh6 53. Nxc5 Rc2 54. Ne6 Rxc7 55. Nxc7 Kg5 1/2-1/2

[Event "Ruhrgebiet Regionalliga 1718"]
[Site "Germany"]
[Date "2018.05.06"]
[Round "9.3"]
[White "Kusnetsov, Mark"]
[Black "Buschmann, Andreas"]
[Result "1/2-1/2"]
[WhiteElo "2123"]
[BlackElo "2013"]
[PlyCount "83"]
[EventDate "2017.10.01"]
[EventType "team-tourn"]
[EventRounds "9"]
[EventCountry "GER"]
[SourceTitle "EXT 2022"]
[Source "ChessBase"]
[SourceDate "2021.10.06"]
[SourceVersion "1"]
[SourceVersionDate "2021.10.06"]
[SourceQuality "1"]
[WhiteTeam "Sodingen/Castrop SK"]
[BlackTeam "Horst Emscher"]
[WhiteTeamCountry "GER"]
[BlackTeamCountry "GER"]

1. d4 Nf6 2. Nf3 g6 3. Bg5 Bg7 4. Nbd2 0-0 5. h4 h6 6. Bxf6 Bxf6 7. h5 g5 8. Ne4 e6 9. Nxf6+ Qxf6 10. e3 c5 11. c3 cxd4 12. cxd4 Nc6 13. Qc2 b6 14. Be2 Bb7 15. 0-0 Rac8 16. Qd2 Ne7 17. Ne5 Qg7 18. Rac1 d6 19. Rxc8 Nxc8 20. Nd3 f5 21. Rc1 f4 22. Bg4 Re8 23. Nb4 fxe3 24. Qxe3 Qf7 25. Nc6 Kg7 26. Qc3 Qf6 27. b4 a6 28. a4 Ne7 29. b5 Nd5 30. Qa3 Rf8 31. Rc2 Qf4 32. Bxe6 Qe4 33. Bxd5 Qxc2 34. Qe3 Qf5 35. Qe7+ Kh8 36. f3 Bxc6 37. bxc6 Qf4 38. Be4 Rf7 39. Qe6 g4 40. Bd5 Rf8 41. c7 g3 42. Kf1 1/2-1/2

[Event "Ruhrgebiet Regionalliga 1718"]
[Site "Germany"]
[Date "2018.03.04"]
[Round "7.3"]
[White "Kusnetsov, Mark"]
[Black "Linde, Wolfgang"]
[Result "1-0"]
[WhiteElo "2104"]
[BlackElo "2093"]
[PlyCount "95"]
[EventDate "2017.10.01"]
[EventType "team-tourn"]
[EventRounds "9"]
[EventCountry "GER"]
[SourceTitle "EXT 2022"]
[Source "ChessBase"]
[SourceDate "2021.10.06"]
[SourceVersion "1"]
[SourceVersionDate "2021.10.06"]
[SourceQuality "1"]
[WhiteTeam "Sodingen/Castrop SK"]
[BlackTeam "Welper SV"]
[WhiteTeamCountry "GER"]
[BlackTeamCountry "GER"]

1. d4 d5 2. Nf3 Nc6 3. c4 Bg4 4. Nc3 e6 5. Bg5 Be7 6. Bxe7 Ngxe7 7. e3 0-0 8. Be2 dxc4 9. Bxc4 Nd5 10. Bxd5 exd5 11. Qb3 Bxf3 12. gxf3 Ne7 13. 0-0 Qd7 14. Kg2 Rfe8 15. Rg1 Rad8 16. Kh1 Qh3 17. Rg3 Qh5 18. Rag1 Nf5 19. Rg4 Qh3 20. Rf4 Nh4 21. Qd1 Ng6 22. Rg3 Qe6 23. Rfg4 b6 24. h4 h5 25. Rg5 c5 26. f4 cxd4 27. Qxd4 Qf6 28. Qxf6 gxf6 29. Rxh5 d4 30. exd4 Kf8 31. f5 Re1+ 32. Kh2 Rxd4 33. fxg6 fxg6 34. Rxg6 Kf7 35. Rg3 Rd2 36. Rf3 Rxb2 37. Rh6 Re6 38. h5 a5 39. Rh7+ Kg8 40. Rb7 Re5 41. Rxf6 Rxh5+ 42. Kg3 b5 43. Rc6 Rf5 44. Rc8+ Rf8 45. Rcc7 Rfxf2 46. Ne4 Rg2+ 47. Kf3 Kh8 48. Rh7+ 1-0

[Event "NRW-ch"]
[Site "Wesel"]
[Date "2013.10.22"]
[Round "4"]
[White "Kusnetsov, Mark"]
[Black "Heinert, Eugen"]
[Result "1-0"]
[WhiteElo "2212"]
[BlackElo "2174"]
[PlyCount "89"]
[EventDate "2013.10.19"]
[EventType "swiss"]
[EventRounds "7"]
[EventCountry "GER"]
[SourceTitle "EXT 2016"]
[Source "ChessBase"]
[SourceDate "2015.10.08"]
[SourceVersion "1"]
[SourceVersionDate "2015.10.08"]
[SourceQuality "1"]

1. e4 e6 2. d4 d5 3. Nc3 Bb4 4. exd5 exd5 5. Bd3 Nc6 6. a3 Ba5 7. Nge2 Nge7 8. b4 Bb6 9. Na4 Bxd4 10. Nxd4 Nxd4 11. Bb2 Ne6 12. 0-0 0-0 13. f4 f5 14. Qe2 b6 15. Rae1 Qd7 16. Nc3 c5 17. Bb5 Qc7 18. Qf3 a6 19. Nxd5 Nxd5 20. Bc4 Ndxf4 21. Be5 Qa7 22. Bxf4 Re8 23. Bd5 Bd7 24. Bxa8 Qxa8 25. Qxa8 Rxa8 26. Bc1 g6 27. Rd1 Bb5 28. Rfe1 Nd4 29. Bb2 Nxc2 30. Re7 Nd4 31. Rde1 Rd8 32. Kf2 f4 33. Rd1 f3 34. gxf3 Bc6 35. Bxd4 cxd4 36. Re6 Bb5 37. Rxb6 d3 38. Rd2 Re8 39. a4 Bxa4 40. Rxd3 Bb5 41. Re3 Ra8 42. Re7 Bd3 43. Ke3 Bf5 44. Kf4 h6 45. Rbb7 1-0

[Event "NRW Class1 1213"]
[Site "Germany"]
[Date "2012.11.18"]
[Round "3.3"]
[White "Liesmann, Karsten"]
[Black "Kusnetsov, Mark"]
[Result "1/2-1/2"]
[WhiteElo "1997"]
[BlackElo "2202"]
[PlyCount "56"]
[EventDate "2012.09.16"]
[EventType "team-tourn"]
[EventRounds "9"]
[EventCountry "GER"]
[SourceTitle "EXT 2017"]
[Source "ChessBase"]
[SourceDate "2016.10.25"]
[SourceVersion "1"]
[SourceVersionDate "2016.10.25"]
[SourceQuality "1"]
[WhiteTeam "Bocholt"]
[BlackTeam "Castrop Rauxel"]
[WhiteTeamCountry "GER"]
[BlackTeamCountry "GER"]

1. d4 Nf6 2. Nf3 e6 3. e3 c5 4. Bd3 b6 5. 0-0 Bb7 6. Nbd2 Be7 7. c3 d5 8. Ne5 Nbd7 9. f4 Qc7 10. Qf3 Rf8 11. a4 a6 12. Qe2 c4 13. Bc2 0-0-0 14. b3 cxb3 15. Bxb3 Kb8 16. Bb2 Nxe5 17. fxe5 Ne4 18. Nxe4 dxe4 19. a5 bxa5 20. Rfc1 f6 21. Ba3 Bxa3 22. Rxa3 fxe5 23. Bc4 Rd6 24. Rb1 Ka7 25. Rab3 Rb8 26. Qb2 exd4 27. cxd4 Rc6 28. Bf1 Rd6 1/2-1/2

[Event "NRW-ch"]
[Site "Herne"]
[Date "2012.10.12"]
[Round "7"]
[White "Braun, Christian1111"]
[Black "Kusnetsov, Mark"]
[Result "1-0"]
[WhiteElo "2401"]
[BlackElo "2253"]
[PlyCount "109"]
[EventDate "2012.10.06"]
[EventType "swiss"]
[EventRounds "7"]
[EventCountry "GER"]
[SourceTitle "EXT 2016"]
[Source "ChessBase"]
[SourceDate "2015.10.08"]
[SourceVersion "1"]
[SourceVersionDate "2015.10.08"]
[SourceQuality "1"]

1. Nf3 c5 2. e4 e6 3. d4 cxd4 4. Nxd4 a6 5. Bd3 Nf6 6. 0-0 Qb6 7. Nb3 Qc7 8. Qe2 d6 9. f4 Nbd7 10. Nc3 Be7 11. Bd2 0-0 12. Rae1 e5 13. f5 b5 14. Rf3 Bb7 15. Rg3 Rfe8 16. a3 Rac8 17. Rh3 Nb6 18. g4 d5 19. g5 dxe4 20. gxf6 exd3 21. Qh5 h6 22. fxe7 Nc4 23. cxd3 Nxd2 24. Nxd2 Rxe7 25. Nde4 a5 26. f6 Qb6+ 27. Kf1 Re6 28. Qg4 Rxf6+ 29. Nxf6+ Qxf6+ 30. Kg1 Qb6+ 31. Ree3 b4 32. axb4 axb4 33. Rhg3 g6 34. Ne2 Rc2 35. d4 Qc6 36. Qh4 exd4 37. Rxg6+ Qxg6+ 38. Rg3 Rxe2 39. Qd8+ Kh7 40. Rxg6 Kxg6 41. Qb6+ Kf5 42. Qb5+ Re5 43. Qxb7 f6 44. Qxb4 Ke4 45. Qc4 Ke3 46. Kf1 f5 47. Qc1+ Ke4 48. Qxh6 f4 49. Ke2 f3+ 50. Kf2 Kd3 51. Qa6+ Kd2 52. Kxf3 Re3+ 53. Kf2 Re4 54. Qa5+ Kc1 55. Qd5 1-0

[Event "Dresden ZMD op-A 21st"]
[Site "Dresden"]
[Date "2012.08.20"]
[Round "3"]
[White "Kusnetsov, Mark"]
[Black "Zeberski, Jakub"]
[Result "1-0"]
[WhiteElo "2203"]
[BlackElo "2295"]
[PlyCount "109"]
[EventDate "2012.08.18"]
[EventType "swiss"]
[EventRounds "9"]
[EventCountry "GER"]
[SourceTitle "CBM 150 Extra"]
[Source "ChessBase"]
[SourceDate "2012.10.19"]
[SourceVersion "1"]
[SourceVersionDate "2012.10.19"]
[SourceQuality "1"]

1. d4 e6 2. c4 f5 3. Nc3 Nf6 4. Nf3 Bb4 5. g3 b6 6. Bg2 Bb7 7. 0-0 Bxc3 8. bxc3 0-0 9. Ba3 d6 10. c5 Be4 11. Qb3 Re8 12. cxd6 cxd6 13. Ng5 Bxg2 14. Kxg2 d5 15. Nf3 Nc6 16. Ne5 Nxe5 17. dxe5 Ne4 18. Rfd1 Rc8 19. Rac1 Rc4 20. Rd4 Rxd4 21. cxd4 Nd2 22. Qa4 Nc4 23. Bd6 a5 24. h4 h6 25. Qb5 Kh7 26. a4 Rg8 27. Rxc4 dxc4 28. Qxc4 Qd7 29. f3 Rc8 30. Qb3 Rc1 31. d5 exd5 32. Qxd5 Qxa4 33. e6 Qc2 34. Qe5 Qb1 35. Bf8 Rg1+ 36. Kf2 Qe1+ 37. Ke3 f4+ 38. gxf4 Qc1+ 39. Ke4 Rg2 40. Qf5+ Kh8 41. e3 Qc4+ 42. Ke5 Qb5+ 43. Ke4 Qb1+ 44. Ke5 Qb2+ 45. Kd6 Qa3+ 46. Kd7 Qxe3 47. Qe4 Rd2+ 48. Bd6 Qb3 49. e7 Qb5+ 50. Qc6 Qf5+ 51. Kd8 Qf6 52. Kc7 Qf7 53. Qd7 Re2 54. Be5 Qc4+ 55. Kb8 1-0

[Event "Dresden ZMD op-A 21st"]
[Site "Dresden"]
[Date "2012.08.19"]
[Round "2"]
[White "Brauer, Christian E"]
[Black "Kusnetsov, Mark"]
[Result "0-1"]
[WhiteElo "2009"]
[BlackElo "2203"]
[PlyCount "106"]
[EventDate "2012.08.18"]
[EventType "swiss"]
[EventRounds "9"]
[EventCountry "GER"]
[SourceTitle "CBM 150 Extra"]
[Source "ChessBase"]
[SourceDate "2012.10.19"]
[SourceVersion "1"]
[SourceVersionDate "2012.10.19"]
[SourceQuality "1"]

1. c4 Nf6 2. g3 e6 3. Bg2 d5 4. Nf3 c6 5. b3 Nbd7 6. Bb2 b5 7. cxb5 cxb5 8. 0-0 Be7 9. d3 Bb7 10. Nbd2 0-0 11. Rc1 Qa5 12. Qc2 Rfc8 13. Qb1 Ne8 14. Rfd1 b4 15. Ne5 Nxe5 16. Bxe5 Nd6 17. Bxd6 Bxd6 18. Qb2 Qb6 19. Nf3 a5 20. Rxc8+ Rxc8 21. Rc1 Ra8 22. d4 a4 23. Nd2 Qa6 24. e3 axb3 25. axb3 Qa3 26. Rc2 h5 27. Bf1 e5 28. Bb5 exd4 29. exd4 h4 30. Kg2 Bc8 31. Bc6 h3+ 32. Kf3 Bf5 33. Bxa8 Qxa8 34. Ke2 Qa6+ 35. Ke1 Bxc2 36. Qxc2 Qa1+ 37. Ke2 Qxd4 38. Qc8+ Bf8 39. Qxh3 g6 40. Qc8 Kg7 41. Qe8 Bc5 42. f3 Qf2+ 43. Kd3 Bd4 44. Qe2 Qg1 45. f4 Bc3 46. Nf3 Qc5 47. Qe3 Qb5+ 48. Kc2 Qa6 49. Nd4 Qa1 50. Qe5+ Kh7 51. Qxd5 Bxd4 52. Qxf7+ Bg7 53. f5 Qc3+ 0-1

[Event "Karl Mala Memorial op 15th"]
[Site "Frankfurt"]
[Date "2012.07.08"]
[Round "7"]
[White "Hebbering, Tom Elliot"]
[Black "Kusnetsov, Mark"]
[Result "1/2-1/2"]
[WhiteElo "1929"]
[BlackElo "2242"]
[PlyCount "84"]
[EventDate "2012.07.05"]
[EventType "swiss"]
[EventRounds "7"]
[EventCountry "GER"]
[SourceTitle "CBM 149 Extra"]
[Source "ChessBase"]
[SourceDate "2012.08.24"]
[SourceVersion "1"]
[SourceVersionDate "2012.08.24"]
[SourceQuality "1"]

1. d4 d5 2. c4 e6 3. Nf3 Nf6 4. g3 dxc4 5. Bg2 Bd7 6. Ne5 Bc6 7. Nxc6 Nxc6 8. 0-0 Be7 9. e3 0-0 10. Qe2 Nd5 11. Qxc4 Na5 12. Qa4 c5 13. e4 Nf6 14. d5 exd5 15. exd5 Bd6 16. Bd2 b6 17. Bxa5 bxa5 18. Nc3 Rb8 19. Qc2 Qb6 20. Na4 Qb4 21. Rac1 Rfe8 22. Qc4 h5 23. b3 Nd7 24. Qxb4 axb4 25. Bh3 Nb6 26. Nxc5 Nxd5 27. Nd7 Rb5 28. Rfe1 Rxe1+ 29. Rxe1 Nc3 30. Re8+ Kh7 31. Bf1 Rd5 32. Nf8+ Bxf8 33. Rxf8 Kg6 34. Bc4 Rd7 35. Rb8 Nxa2 36. Rb5 f6 37. Kg2 Kh6 38. h4 g6 39. Rb8 f5 40. Rh8+ Kg7 41. Rb8 Kf6 42. Kf3 Nc3 1/2-1/2

[Event "Karl Mala Memorial op 15th"]
[Site "Frankfurt"]
[Date "2012.07.07"]
[Round "5"]
[White "Rosenberger, Frank"]
[Black "Kusnetsov, Mark"]
[Result "1/2-1/2"]
[WhiteElo "2163"]
[BlackElo "2242"]
[PlyCount "60"]
[EventDate "2012.07.05"]
[EventType "swiss"]
[EventRounds "7"]
[EventCountry "GER"]
[SourceTitle "CBM 149 Extra"]
[Source "ChessBase"]
[SourceDate "2012.08.24"]
[SourceVersion "1"]
[SourceVersionDate "2012.08.24"]
[SourceQuality "1"]

1. e4 e5 2. Nf3 Nf6 3. d4 d5 4. Nxe5 Nxe4 5. Bd3 Nc6 6. Nxc6 bxc6 7. Qe2 Qe7 8. Nd2 Nxd2 9. Qxe7+ Bxe7 10. Bxd2 Rb8 11. 0-0-0 Be6 12. Rde1 c5 13. dxc5 Bxc5 14. f4 Kd8 15. f5 Bd7 16. g4 f6 17. h4 Bd4 18. c3 Be5 19. g5 c5 20. Re2 Kc7 21. h5 Rhe8 22. h6 c4 23. Bb1 gxh6 24. Rxh6 Bxc3 25. Bf4+ Be5 26. Bxe5+ fxe5 27. Rxh7 e4 28. f6 Rg8 29. Bxe4 Rxg5 30. Rd2 dxe4 1/2-1/2

[Event "Pfalz op 03rd"]
[Site "Neustadt an der Weinstrasse"]
[Date "2012.03.03"]
[Round "7"]
[White "Kusnetsov, Mark"]
[Black "Schwarz, Larissa"]
[Result "1-0"]
[WhiteElo "2181"]
[BlackElo "1836"]
[PlyCount "69"]
[EventDate "2012.02.17"]
[EventType "swiss"]
[EventRounds "9"]
[EventCountry "GER"]
[SourceTitle "EXT 2013"]
[Source "ChessBase"]
[SourceDate "2012.11.22"]
[SourceVersion "1"]
[SourceVersionDate "2012.11.22"]
[SourceQuality "1"]

1. e4 c5 2. Nf3 e6 3. d4 cxd4 4. Nxd4 a6 5. Bd3 Nc6 6. Nxc6 bxc6 7. 0-0 d5 8. Re1 Nf6 9. Nc3 Be7 10. e5 Nd7 11. Qg4 g6 12. Bh6 Rb8 13. Rab1 Rb4 14. Qf3 d4 15. Nd1 Qc7 16. a3 Rb8 17. c3 Nxe5 18. Qg3 Bd6 19. Bg7 Nxd3 20. Qxd3 Rg8 21. Bf6 dxc3 22. Nxc3 Bxh2+ 23. Kh1 Bd6 24. Rbd1 Be7 25. Be5 Qb6 26. Bxb8 Qxb8 27. Ne4 Qxb2 28. Nd6+ Bxd6 29. Qxd6 f5 30. Rxe6+ Bxe6 31. Qxe6+ Kf8 32. Rd8+ Kg7 33. Rxg8+ Kh6 34. Qe3+ Kh5 35. f4 1-0

[Event "NRW-ch"]
[Site "Muenster"]
[Date "2011.10.23"]
[Round "1"]
[White "Kaufeld, Juergen"]
[Black "Kusnetsov, Mark"]
[Result "0-1"]
[WhiteElo "2261"]
[BlackElo "2174"]
[PlyCount "52"]
[EventDate "2011.10.23"]
[EventType "swiss"]
[EventRounds "7"]
[EventCountry "GER"]
[SourceTitle "EXT 2013"]
[Source "ChessBase"]
[SourceDate "2012.11.22"]
[SourceVersion "1"]
[SourceVersionDate "2012.11.22"]
[SourceQuality "1"]

1. e4 c5 2. Nf3 e6 3. Nc3 a6 4. g3 b5 5. Bg2 Bb7 6. d4 cxd4 7. Nxd4 Ne7 8. 0-0 Nec6 9. Be3 Nxd4 10. Bxd4 Nc6 11. Re1 d6 12. Qd2 Rc8 13. a4 b4 14. Nd5 Nxd4 15. Qxd4 exd5 16. exd5+ Be7 17. Qxg7 Rf8 18. Re2 Rc5 19. Rae1 Bxd5 20. Rxe7+ Qxe7 21. Rxe7+ Kxe7 22. Qg5+ f6 23. Qe3+ Be6 24. Qe4 Rfc8 25. Qxh7+ Bf7 26. Be4 Rh5 0-1

[Event "Sunny Beach op 10th"]
[Site "Sunny Beach"]
[Date "2011.09.04"]
[Round "9"]
[White "Kusnetsov, Mark"]
[Black "Ivanova, Simoneta"]
[Result "1-0"]
[WhiteElo "2184"]
[BlackElo "1914"]
[PlyCount "141"]
[EventDate "2011.08.27"]
[EventType "swiss"]
[EventRounds "9"]
[EventCountry "BUL"]
[SourceTitle "CBM 144 Extra"]
[Source "ChessBase"]
[SourceDate "2011.10.28"]
[SourceVersion "1"]
[SourceVersionDate "2011.10.28"]
[SourceQuality "1"]

1. b3 d5 2. Bb2 c6 3. g3 Bf5 4. Bg2 e6 5. Nf3 h6 6. 0-0 Nd7 7. c4 Ngf6 8. d3 Be7 9. Nbd2 0-0 10. Re1 Bh7 11. Ne5 a5 12. d4 Qb6 13. Nxd7 Nxd7 14. e4 dxe4 15. Nxe4 Nf6 16. d5 Bxe4 17. Bxe4 cxd5 18. cxd5 exd5 19. Bh7+ Kxh7 20. Rxe7 Rae8 21. Bxf6 Qxf6 22. Rxb7 Re5 23. Qd3+ Kg8 24. Rd1 Rfe8 25. Rb5 Qd8 26. Kg2 Qa8 27. Qf3 Rd8 28. Rd4 Rd6 29. Qc3 Ra6 30. Rc5 Re8 31. a4 Rb8 32. Kg1 Qb7 33. Rb5 Rb6 34. Rdxd5 Rxb5 35. Rxb5 Rc8 36. Qxg7+ Kxg7 37. Rxb7 Rc3 38. Rb6 f6 39. h4 h5 40. Kg2 Kg6 41. Rb5 Rd3 42. Rxa5 Rxb3 43. Ra8 Ra3 44. a5 Kf7 45. a6 Kg6 46. a7 Kg7 47. Kf1 Ra2 48. Ke1 Kh7 49. Rf8 Rxa7 50. Rxf6 Ra2 51. Rd6 Kg7 52. Rd2 Ra1+ 53. Ke2 Kg6 54. Rd3 Kf5 55. Kf3 Rf1 56. Rb3 Kg6 57. Kg2 Ra1 58. f3 Kf5 59. Rb5+ Kg6 60. g4 hxg4 61. h5+ Kh6 62. fxg4 Ra2+ 63. Kg3 Ra4 64. Rb6+ Kg7 65. Kh4 Kh7 66. h6 Ra1 67. Kh5 Rh1+ 68. Kg5 Rg1 69. Rb7+ Kg8 70. Kh5 Kh8 71. g5 1-0